000 00397nam a2200157Ia 4500
003 GCL
008 140319s9999 xx 000 0 eng d
040 _aGCL /
_cGCL
082 0 4 _a515.73
_bLI
245 1 0 _aAN INTRODUCTION TO ABSTRACT ANALYSIS
260 _a[S.N] :
_bMacmillan Publishing Company ،
_c1990
300 _a194 P
650 0 4 _aANALYSIS
650 0 4 _aABSTRACT ART
942 _2ddc
_cBK
999 _c18707
_d18707